<?xml version="1.0" encoding="UTF-8"?>
<collection xmlns="http://www.loc.gov/MARC21/slim">
 <record>
  <leader>00510pamaa2200157   4500</leader>
  <controlfield tag="001">0000032822</controlfield>
  <controlfield tag="005">20060911090000.0</controlfield>
  <datafield tag="020" ind1="0" ind2="0">
   <subfield code="a">187588940X </subfield>
  </datafield>
  <datafield tag="082" ind1=" " ind2=" ">
   <subfield code="a">658.40353 STI</subfield>
  </datafield>
  <datafield tag="090" ind1="0" ind2="0">
   <subfield code="a">HF5549.5.T7 </subfield>
   <subfield code="b">STI 2000</subfield>
  </datafield>
  <datafield tag="100" ind1="1" ind2="0">
   <subfield code="a">STIBBARD </subfield>
  </datafield>
  <datafield tag="245" ind1="1" ind2="0">
   <subfield code="a">Training games from the inside : </subfield>
   <subfield code="b">the secret to what works and what doesn't  </subfield>
   <subfield code="c">Jeff Stibbard.</subfield>
  </datafield>
  <datafield tag="260" ind1="0" ind2="0">
   <subfield code="a">NSW, Australia: </subfield>
   <subfield code="b">Business Publishing, </subfield>
   <subfield code="c">2000.</subfield>
  </datafield>
  <datafield tag="300" ind1=" " ind2=" ">
   <subfield code="a">viii, 159p.; </subfield>
   <subfield code="c">29cm.</subfield>
  </datafield>
  <datafield tag="650" ind1="0" ind2="0">
   <subfield code="a">Teams in the workplace </subfield>
  </datafield>
  <datafield tag="650" ind1="0" ind2="0">
   <subfield code="a">Management games -- </subfield>
   <subfield code="x">Study and teaching </subfield>
  </datafield>
 </record>
</collection>
